000 00884nam a2200265Ia 4500
001 Para_3985
003 CHAP
008 220125s1944 xx 000 0 und d
010 _a202428
040 _cCHAP
090 _aPA FOLLETO 1380
100 _aSantos, Newton Dias dos
_9102550
245 _aLibellulidae coligidos em Olha Seca (estado de S. Paulo), Salobrae Bodoquena (estado de Mato Grosso) pela comissao científica do Instituto Oswaldo Cruz (Insecta :
_b Odonata) /
_c Newton Dias Dos Santos
260 _aRio Janeiro, Brasil :
_b Ministerio Da Educacao e Saúde
300 _a10 p.
440 _aBoletím do Museu Nacional; 16
_9167624
650 _aLibélulas
_966629
901 _aPA FOLLETO 1380
902 _aA
905 _a0000001944 RIO 0000000000 00
910 _a1944
942 _cPARA
942 _cPARA
_d1
999 _c202428
_d202428